| 000 | 00549nam a2200193 a 4500 | ||
|---|---|---|---|
| 001 | 523 | ||
| 003 | CDMR | ||
| 005 | 20151030104202.0 | ||
| 008 | 130130s1974||||||||||||||||||||||||||||d | ||
| 040 |
_aCDMR _bcat _cCDMR |
||
| 100 | 1 |
_aZibecchi, César A. _9377 |
|
| 245 | 1 | 0 |
_aComunicación humana y comunicaciones masivas _cCésar Adolfo Zibecchi |
| 260 |
_aBuenos Aires _c1974 _bPlus Ultra |
||
| 300 | _a298 p. | ||
| 490 | 0 |
_aMundo Presente _v2 |
|
| 650 | 0 | 4 |
_9405 _aMitjans de comunicació de massa |
| 650 | 0 | 4 |
_9388 _aComunicació humana |
| 942 |
_cMON _2udc |
||
| 999 |
_c523 _d523 |
||